[Event "Hilversum op"]
[Site "Hilversum"]
[Date "2023.06.25"]
[Round "5"]
[White "Klaren, Duncan"]
[Black "Bakija, Alan"]
[Result "1/2-1/2"]
[WhiteElo "2178"]
[BlackElo "1994"]
[PlyCount "52"]
[EventDate "2023.06.23"]
[EventType "swiss"]
[EventRounds "6"]
[EventCountry "NED"]
[SourceTitle "CBM 214 Extra"]
[Source "ChessBase"]
[SourceDate "2023.07.31"]
[SourceVersion "1"]
[SourceVersionDate "2023.07.31"]
[SourceQuality "1"]

1. e4 e5 2. Nf3 Nc6 3. Bc4 Bc5 4. c3 Nf6 5. d3 0-0 6. 0-0 d5 7. exd5 Nxd5 8. Re1 Bg4 9. h3 Bh5 10. Nbd2 Nb6 11. Bb3 Qxd3 12. Nxe5 Qf5 13. Nef3 Rad8 14. Qe2 Nd5 15. Ne4 Bxf3 16. Qxf3 Qxf3 17. gxf3 Bb6 18. Bg5 Nde7 19. Rad1 h6 20. Bxe7 Nxe7 21. Nf6+ gxf6 22. Rxd8 Rxd8 23. Rxe7 Kg7 24. Re2 Kg6 25. Kg2 Bc5 26. Bc2+ Kg7 1/2-1/2

[Event "Hilversum op"]
[Site "Hilversum"]
[Date "2023.06.23"]
[Round "2"]
[White "Klaren, Duncan"]
[Black "Becx, Cesar"]
[Result "1-0"]
[WhiteElo "2178"]
[BlackElo "2034"]
[PlyCount "65"]
[EventDate "2023.06.23"]
[EventType "swiss"]
[EventRounds "6"]
[EventCountry "NED"]
[SourceTitle "CBM 214 Extra"]
[Source "ChessBase"]
[SourceDate "2023.07.31"]
[SourceVersion "1"]
[SourceVersionDate "2023.07.31"]
[SourceQuality "1"]

1. d4 f5 2. Nf3 Nf6 3. Bf4 d6 4. h3 g6 5. e3 Bg7 6. c4 e6 7. Bd3 Nc6 8. Nc3 Qe7 9. Bh2 0-0 10. 0-0 e5 11. dxe5 dxe5 12. Bc2 Kh8 13. Ba4 Nh5 14. Nd5 Qd8 15. Qd2 f4 16. exf4 e4 17. Ng5 Nd4 18. Qe3 b5 19. Bb3 bxc4 20. Bxc4 Nc2 21. Qxe4 Bf5 22. Qf3 Nxa1 23. Rxa1 Rb8 24. g4 Bd7 25. gxh5 Qxg5+ 26. fxg5 Rxf3 27. h6 Bd4 28. Rd1 Bxf2+ 29. Kg2 Rf5 30. Ne7 Rxg5+ 31. Kxf2 Rf8+ 32. Ke3 Bxh3 33. Rd5 1-0

[Event "Hoogeveen op 24th"]
[Site "Hoogeveen"]
[Date "2021.10.21"]
[Round "7"]
[White "Tabak, Stefan"]
[Black "Klaren, Duncan"]
[Result "1-0"]
[WhiteElo "2168"]
[BlackElo "1845"]
[PlyCount "109"]
[EventDate "2021.10.15"]
[EventType "swiss"]
[EventRounds "9"]
[EventCountry "NED"]
[SourceTitle "CBM 204 Extra"]
[Source "ChessBase"]
[SourceDate "2021.11.30"]
[SourceVersion "1"]
[SourceVersionDate "2021.11.30"]
[SourceQuality "1"]

1. e4 c5 2. b4 cxb4 3. d4 d5 4. exd5 Nf6 5. a3 Nxd5 6. axb4 e6 7. b5 Bb4+ 8. Bd2 Qe7 9. c3 Bd6 10. c4 Nb4 11. c5 Bxc5 12. dxc5 Qxc5 13. Bxb4 Qxb4+ 14. Nd2 0-0 15. Ngf3 e5 16. Ra4 Qe7 17. Be2 Bf5 18. 0-0 Nd7 19. Qa1 Qf6 20. Ne4 Qe7 21. Ng3 Bg6 22. Rxa7 Rab8 23. Qa3 Qf6 24. Rd1 Rfd8 25. Qd6 Qxd6 26. Rxd6 f6 27. h4 Nc5 28. Rxd8+ Rxd8 29. Ra2 e4 30. Rd2 Nd3 31. Ne1 Rc8 32. Nxd3 exd3 33. Bxd3 Rc5 34. Be2 Be8 35. Rd8 Kf7 36. Rb8 Rc7 37. Bf3 Bxb5 38. Rxb7 Rxb7 39. Bxb7 Bd7 40. f3 g6 41. Kf2 Kg7 42. Ne4 Kf7 43. Ke3 Ke7 44. Kd4 Be6 45. Bd5 Bd7 46. g3 Bc8 47. Kc5 Bd7 48. Nc3 Be8 49. Bb3 Bf7 50. Bxf7 Kxf7 51. Kd6 h6 52. Nd5 h5 53. Kd7 g5 54. Kd6 g4 55. f4 1-0

[Event "Hoogeveen op 23rd"]
[Site "Hoogeveen"]
[Date "2019.10.21"]
[Round "4"]
[White "Klaren, Duncan"]
[Black "Otten, Martijn"]
[Result "0-1"]
[WhiteElo "1923"]
[BlackElo "2101"]
[PlyCount "54"]
[EventDate "2019.10.19"]
[EventType "swiss"]
[EventRounds "9"]
[EventCountry "NED"]
[SourceTitle "CBM 192 Extra"]
[Source "Chessbase"]
[SourceDate "2019.11.06"]
[SourceVersion "1"]
[SourceVersionDate "2019.11.06"]
[SourceQuality "1"]

1. e4 e6 2. d4 d5 3. Nc3 Bb4 4. e5 b6 5. Qg4 Bf8 6. Nf3 Nc6 7. Bd2 Bb7 8. a3 Qd7 9. Bd3 0-0-0 10. 0-0 Kb8 11. b4 f6 12. b5 Na5 13. Rfe1 f5 14. Qf4 g6 15. Qe3 h6 16. Ne2 Nc4 17. Bxc4 dxc4 18. Nf4 Ne7 19. Qc3 g5 20. Nh5 Qxb5 21. a4 Qc6 22. Nf6 Nd5 23. Nxd5 Qxd5 24. Reb1 g4 25. Ne1 Qxd4 26. Qxd4 Rxd4 27. Be3 Rd5 0-1

[Event "NED-ch U20 op"]
[Site "Borne"]
[Date "2019.08.09"]
[Round "8"]
[White "Albers, Sasa"]
[Black "Klaren, Duncan"]
[Result "0-1"]
[WhiteElo "1889"]
[BlackElo "1964"]
[PlyCount "82"]
[EventDate "2019.08.05"]
[EventType "swiss"]
[EventRounds "9"]
[EventCountry "NED"]
[SourceTitle "CBM 191 Extra"]
[Source "ChessBase"]
[SourceDate "2019.09.30"]
[SourceVersion "1"]
[SourceVersionDate "2019.09.30"]
[SourceQuality "1"]

1. e4 c5 2. Nf3 d6 3. c3 Nf6 4. Be2 Nbd7 5. Qc2 Qc7 6. 0-0 b6 7. d4 cxd4 8. Nxd4 Bb7 9. f3 g6 10. Be3 Bg7 11. c4 a6 12. Nc3 0-0 13. Rac1 Ne5 14. b3 Rac8 15. Rfd1 Rfd8 16. Qb1 Qd7 17. Nd5 Nxd5 18. cxd5 b5 19. h3 Qe8 20. f4 Nd7 21. Nc6 Bxc6 22. dxc6 Nc5 23. a4 Qxc6 24. axb5 axb5 25. Bf3 Qa6 26. e5 Qa3 27. exd6 Rxd6 28. Bf2 Qb4 29. Rxd6 exd6 30. Bd5 Bd4 31. Qc2 Re8 32. Rf1 Re1 33. Bf3 Bxf2+ 34. Qxf2 Nd3 35. Rxe1 Nxf2 36. Kxf2 Qxb3 37. Rd1 Qc2+ 38. Kf1 b4 39. Rxd6 b3 40. Rd8+ Kg7 41. Re8 b2 0-1

[Event "Hoogeveen op 22nd"]
[Site "Hoogeveen"]
[Date "2018.10.22"]
[Round "3"]
[White "Pham, Khoi"]
[Black "Klaren, Duncan"]
[Result "0-1"]
[WhiteElo "2153"]
[BlackElo "1950"]
[PlyCount "82"]
[EventDate "2018.10.20"]
[EventType "swiss"]
[EventRounds "9"]
[EventCountry "NED"]
[SourceTitle "CBM 187 Extra"]
[Source "ChessBase"]
[SourceDate "2018.11.04"]
[SourceVersion "1"]
[SourceVersionDate "2018.11.04"]
[SourceQuality "1"]

1. e4 c5 2. Nf3 d6 3. d4 cxd4 4. Nxd4 Nf6 5. Nc3 a6 6. h3 e5 7. Nde2 h5 8. Bg5 Be6 9. Bxf6 Qxf6 10. Nd5 Qd8 11. Qd3 Nc6 12. 0-0-0 Rc8 13. Qa3 g6 14. Kb1 Bg7 15. Nec3 0-0 16. Ne3 Nd4 17. Bd3 b5 18. Ncd5 Ra8 19. c3 Nc6 20. g4 h4 21. Be2 Qb8 22. Nb4 Qb7 23. Ned5 Rfc8 24. Qb3 Na5 25. Qc2 Nc4 26. Bxc4 Rxc4 27. b3 Rc5 28. Ne3 Rac8 29. Nbd5 Bh6 30. b4 R5c6 31. Rhe1 a5 32. Qb2 axb4 33. cxb4 Bg5 34. a3 Qa7 35. Rd3 Bxd5 36. Nxd5 Rc2 37. Qxc2 Rxc2 38. Kxc2 Qxf2+ 39. Kd1 Qb2 40. Ne3 d5 41. Rxd5 Qxa3 0-1

[Event "Hilversum op-B"]
[Site "Hilversum"]
[Date "2018.06.23"]
[Round "4"]
[White "Klaren, Duncan"]
[Black "Binnendijk, Daan"]
[Result "1-0"]
[WhiteElo "1773"]
[BlackElo "1945"]
[PlyCount "75"]
[EventDate "2018.06.22"]
[EventType "swiss"]
[EventRounds "6"]
[EventCountry "NED"]
[SourceTitle "EXT 2019"]
[Source "ChessBase"]
[SourceDate "2018.10.10"]
[SourceVersion "1"]
[SourceVersionDate "2018.10.10"]
[SourceQuality "1"]

1. e4 e6 2. d4 d5 3. Nc3 Nf6 4. e5 Nfd7 5. f4 c5 6. Nf3 Nc6 7. Be3 Be7 8. Qd2 0-0 9. Bd3 a6 10. 0-0 b5 11. a3 Qc7 12. Qf2 cxd4 13. Nxd4 Nxd4 14. Bxd4 Bc5 15. Bxc5 Qxc5 16. Qxc5 Nxc5 17. b4 Nxd3 18. cxd3 Bd7 19. Rac1 Rac8 20. Ne2 f6 21. Rxc8 Rxc8 22. Rc1 Kf8 23. Rxc8+ Bxc8 24. Nc1 fxe5 25. fxe5 Kf7 26. Kf2 Kg6 27. Ke3 Kf5 28. Kd4 h5 29. Ne2 h4 30. Kc5 Kxe5 31. Kc6 a5 32. bxa5 g5 33. Kc7 Ba6 34. Kb6 b4 35. Kxa6 b3 36. Kb5 b2 37. Nc3 Kd4 38. Kb4 1-0

[Event "Utrecht OKU op 45th"]
[Site "Utrecht"]
[Date "2018.06.01"]
[Round "1"]
[White "Van de Pavoordt, Max"]
[Black "Klaren, Duncan"]
[Result "1-0"]
[WhiteElo "2088"]
[BlackElo "1832"]
[PlyCount "41"]
[EventDate "2018.06.01"]
[EventType "swiss"]
[EventRounds "6"]
[EventCountry "NED"]
[SourceTitle "EXT 2019"]
[Source "ChessBase"]
[SourceDate "2018.10.10"]
[SourceVersion "1"]
[SourceVersionDate "2018.10.10"]
[SourceQuality "1"]

1. e4 c5 2. c3 d5 3. exd5 Nf6 4. d4 Nxd5 5. Nf3 e6 6. Bd3 cxd4 7. Nxd4 Be7 8. 0-0 0-0 9. Nd2 Nd7 10. N2f3 N7f6 11. Re1 Qc7 12. Bg5 h6 13. Bh4 a6 14. Ne5 Nd7 15. Bxe7 Nxe7 16. Ng4 Nd5 17. g3 b6 18. Nxh6+ gxh6 19. Qg4+ Kh8 20. Qh5 Kg7 21. Nxe6+ 1-0